000 00752nam a2200217 4500
001 109253
003 ES-MaACL
005 20250824214301.0
007 t|
008 061121s1942 sp r ||||1| spa d
100 1 _aMüller-Freienfels, Richard.
_984148
245 1 0 _aTu alma y la ajena :
_buna psicología práctica para todos /
_cRichard Müller-Freienfels ; versión española de A. Vallejo Nágera.
260 _aBarcelona :
_bLabor,
_c1942.
300 _aXI, 459 p., 32 lám. :
_bil. ;
_c22 cm.
490 1 _aLibros de hoy
650 7 _aPsicología
_2embne
_916540
700 1 _aVallejo Nágera, Antonio,
_d1889-1960
_9112854
830 1 0 _aLibros de hoy (Labor)
_9185588
852 4 _aES-MaACL
_jF-16082
999 _c109253
_d109253